Report of the FAO regional workshop on port state measures to combat illegal, unreported and unregulated fishing : Cape Town, South Africa, 28-31 january 2008
The objective fo the workshop was to develop nation capacity and promote bilateral, sub-regional and/or regional coordination so that country will be better placed to strengthen and harmonize port State measure and, as a result, implement the relevant International Plan of Action to Prevent, Deter a...
Kaydedildi:
| Müşterek Yazar: | |
|---|---|
| Materyal Türü: | Kitap |
| Dil: | Undetermined |
| Baskı/Yayın Bilgisi: |
Rome
Food and Agriculture Organiation of the United Nations
2008
|
| Konular: | |
| Etiketler: |
Etiketle
Etiket eklenmemiş, İlk siz ekleyin!
|
| Thư viện lưu trữ: | Trung tâm Học liệu Trường Đại học Cần Thơ |
|---|
| LEADER | 01342nam a2200217Ia 4500 | ||
|---|---|---|---|
| 001 | CTU_172933 | ||
| 008 | 210402s9999 xx 000 0 und d | ||
| 020 | |c 14 | ||
| 082 | |a 343.07692 | ||
| 082 | |b F686/N.859 | ||
| 110 | |a Food and Agriculture Organiation of the United Nations | ||
| 245 | 0 | |a Report of the FAO regional workshop on port state measures to combat illegal, unreported and unregulated fishing : | |
| 245 | 0 | |b Cape Town, South Africa, 28-31 january 2008 | |
| 245 | 0 | |c Food and Agriculture Organiation of the United Nations | |
| 260 | |a Rome | ||
| 260 | |b Food and Agriculture Organiation of the United Nations | ||
| 260 | |c 2008 | ||
| 520 | |a The objective fo the workshop was to develop nation capacity and promote bilateral, sub-regional and/or regional coordination so that country will be better placed to strengthen and harmonize port State measure and, as a result, implement the relevant International Plan of Action to Prevent, Deter and Eliminate illegal, Unreported and Unregulated Fishing (IPOA-IUU) tools and the FAO model scheme and contribute to development of a legally-binding instrument on port State measures. | ||
| 650 | |a Fishery management,Quản lý nghề cá,Fishery law,Luật thủy sản | ||
| 904 | |i Tho, Hải Ý,K.Mi, Năm | ||
| 980 | |a Trung tâm Học liệu Trường Đại học Cần Thơ | ||